000 00293 a2200145 4500
001 159581
020 _a
040 _cMagnum
100 _aShearman, Deirdre
240 1 0 _aRainha vitoria
_lpor
245 1 0 _aRainha vitoria
362 0 _a1899
697 _aMAGNITO: BIOGRAFIA
942 _cBK
999 _c159581
_d159581